[Event "GAMMA Reykjavik Open 2019"]
[Site "Reykjavik ISL"]
[Date "2019.04.11"]
[Round "5.93"]
[White "Aldridge, Alan L."]
[Black "Johannessen, Heine N"]
[Result "1-0"]
[WhiteElo "1852"]
[BlackElo "1636"]
[WhiteFideId "4301528"]
[BlackFideId "1542486"]
[EventDate "2019.04.08"]

1. d4 Nf6 2. c4 g6 3. Nc3 d5 4. Nf3 Bg7 5. e3 O-O 6. cxd5 Nxd5 7. Qb3 Nb6 8. Be2
c5 9. O-O cxd4 10. exd4 Be6 11. Qd1 Nc6 12. Be3 h6 13. b3 Bg4 14. Rc1 Bxf3 15.
Bxf3 Nxd4 16. Bxb7 Rb8 17. Be4 Ne6 18. Ne2 Qxd1 19. Rfxd1 Rfd8 20. g3 Rxd1+ 21.
Rxd1 Rd8 22. Rxd8+ Nxd8 23. Nd4 Bxd4 24. Bxd4 Ne6 25. Be3 Kg7 26. a4 Nd8 27. Bd3
Nc6 28. Bb5 Nb4 29. a5 N6d5 30. Bxa7 Kf6 31. Bb8 e5 32. a6 Nb6 33. Bc7 Na8 34.
Ba5 Nd5 35. Bc6 1-0

[Event "GAMMA Reykjavik Open 2019"]
[Site "Reykjavik ISL"]
[Date "2019.04.11"]
[Round "5.94"]
[White "Svergina, Sofya"]
[Black "Agustsson, Hafsteinn"]
[Result "1-0"]
[WhiteTitle "WCM"]
[WhiteElo "1495"]
[BlackElo "1842"]
[WhiteFideId "24276120"]
[BlackFideId "2302047"]
[EventDate "2019.04.08"]

1. e4 c5 2. Nf3 Nc6 3. d4 cxd4 4. Nxd4 Nf6 5. Nc3 e5 6. Ndb5 d6 7. Bg5 a6 8. Na3
b5 9. Nd5 Be7 10. Bxf6 Bxf6 11. c3 Bg5 12. Nc2 O-O 13. a4 Rb8 14. axb5 axb5 15.
h4 Bh6 16. g3 f5 17. exf5 Bxf5 18. Bg2 Ne7 19. Ncb4 Bd7 20. Nxe7+ Qxe7 21. O-O
Kh8 22. Ra6 e4 23. Qxd6 Qxd6 24. Rxd6 Bf5 25. Re1 Rfe8 26. Rd5 g6 27. Nc2 Bg7
28. Nd4 Re5 29. Rxe5 Bxe5 30. Bxe4 Bxd4 31. cxd4 Re8 32. f3 1-0

[Event "GAMMA Reykjavik Open 2019"]
[Site "Reykjavik ISL"]
[Date "2019.04.11"]
[Round "5.97"]
[White "Halldorsson, Hjorleifur"]
[Black "Johannessen, Theo N"]
[Result "1-0"]
[WhiteElo "1773"]
[BlackElo "1456"]
[WhiteFideId "2303647"]
[BlackFideId "1542478"]
[EventDate "2019.04.08"]

1. d4 Nf6 2. c4 g6 3. Nc3 d5 4. Nf3 Bg7 5. Bg5 Ne4 6. Bf4 Nxc3 7. bxc3 c6 8. e3
Bg4 9. Be2 e6 10. O-O O-O 11. h3 Bxf3 12. Bxf3 Nd7 13. c5 e5 14. Bg3 b6 15. cxb6
axb6 16. a4 exd4 17. cxd4 f5 18. Qb3 Qe7 19. Rac1 Rac8 20. Rxc6 Rxc6 21. Bxd5+
Kh8 22. Bxc6 Rc8 23. Bf3 Qf6 24. Bb7 Re8 25. Rc1 Bh6 26. Rc6 Qe7 27. Bd6 Qh4 28.
Qf7 Rxe3 29. Rc8+ 1-0

[Event "GAMMA Reykjavik Open 2019"]
[Site "Reykjavik ISL"]
[Date "2019.04.11"]
[Round "5.99"]
[White "Stefansson, Benedikt"]
[Black "Opasiak, Dustin Tennessee"]
[Result "1-0"]
[WhiteElo "1395"]
[BlackElo "1768"]
[WhiteFideId "2312379"]
[BlackFideId "24630217"]
[EventDate "2019.04.08"]

1. e4 e6 2. d4 d5 3. Nd2 Nc6 4. Ngf3 Nf6 5. e5 Nd7 6. Bd3 f6 7. Ng5 Ndxe5 8.
dxe5 fxg5 9. Qh5+ Kd7 10. Nf3 g6 11. Qxg5 Bg7 12. Bb5 Qe7 13. O-O Qb4 14. c4 a6
15. a3 Qf8 16. cxd5 exd5 17. Bxc6+ Kxc6 18. Bd2 Be6 19. Nd4+ Kd7 20. Nxe6 Kxe6
21. Qg4+ Qf5 22. Qxf5+ Kxf5 23. f4 Ke6 24. Rac1 c6 25. Bc3 Rhf8 26. h4 Rf7 27.
g3 Bf8 28. Bd4 Be7 29. b4 h6 30. Rf3 g5 31. hxg5 hxg5 32. Rcf1 gxf4 33. Rxf4
Rxf4 34. gxf4 Kf5 35. Kg2 Rg8+ 36. Kf3 Rg4 37. Be3 Bh4 38. Rh1 Rg3+ 39. Ke2 Rg2+
40. Kd3 Kg4 41. e6 Bf6 42. Rh7 Rb2 43. Bc1 Rb3+ 44. Ke2 Rh3 45. Rf7 Rh2+ 46. Kd1
Rh1+ 47. Kc2 Kf5 48. Rxb7 Kxe6 49. Rb6 Kd6 50. Rxa6 Rh3 51. b5 Rc3+ 52. Kd2 Rc5
53. a4 Kc7 54. Ba3 Rc4 55. Rxc6+ Rxc6 56. bxc6 Kxc6 57. Kd3 Bg7 58. Bb4 Kb6 59.
a5+ Kb5 60. Bc3 Bf8 61. f5 Be7 62. Ke3 Bg5+ 63. Kf3 d4 64. Bxd4 Kxa5 65. Ke4 Kb5
66. Kd5 Bh4 67. Ke6 Kc6 68. Bf6 Be1 69. Bg5 Bc3 70. Bf4 Bg7 71. Be5 Bh6 72. f6
Bf8 73. Bf4 Ba3 74. Kf7 Kd7 75. Kg8 Ke6 76. f7 Kf6 77. Bc1 Bb4 78. Bb2+ Kg6 79.
Bg7 Ba3 80. Bf8 Bc1 81. Bd6 Bh6 82. Bf4 Bg7 83. Bg5 1-0

[Event "GAMMA Reykjavik Open 2019"]
[Site "Reykjavik ISL"]
[Date "2019.04.11"]
[Round "5.100"]
[White "Lochte, Szilvia"]
[Black "Signyjarson, Arnar Smari"]
[Result "1-0"]
[WhiteElo "1858"]
[BlackElo "1522"]
[WhiteFideId "708410"]
[BlackFideId "2316340"]
[EventDate "2019.04.08"]

1. c4 Nf6 2. g3 g6 3. Bg2 Bg7 4. Nc3 d6 5. d3 O-O 6. Nf3 c5 7. O-O Nc6 8. h3 Bd7
9. Rb1 Re8 10. Bg5 Qc8 11. Kh2 h6 12. Bd2 a6 13. a3 e5 14. Na4 Qc7 15. Nc3 e4
16. dxe4 Nxe4 17. Nxe4 Rxe4 18. Bf4 Nd4 19. Nxd4 Rxd4 20. Qc1 Bf5 21. Ra1 Be6
22. b3 Kh7 23. Ra2 Rd8 24. Be3 b5 25. Bxd4 Bxd4 26. e3 Bf6 27. Rd1 a5 28. Rad2
b4 29. axb4 axb4 30. Ra2 Rb8 31. Qc2 Bf5 32. Qd2 Rb6 33. Ra8 Kg7 34. Qa2 Be7 35.
Qa5 Bd8 36. Ra7 Qb8 37. Qa4 Bf6 38. Ra8 Qc7 39. Qe8 1-0

[Event "GAMMA Reykjavik Open 2019"]
[Site "Reykjavik ISL"]
[Date "2019.04.11"]
[Round "5.102"]
[White "De Winter, Eric"]
[Black "Sharifa, Rayan"]
[Result "1-0"]
[WhiteElo "1741"]
[BlackElo "1169"]
[WhiteFideId "1033069"]
[BlackFideId "2314894"]
[EventDate "2019.04.08"]

1. Nf3 d5 2. g3 g6 3. Bg2 Bg7 4. d4 Nf6 5. c4 dxc4 6. Qa4+ Nc6 7. Qxc4 Be6 8.
Qa4 O-O 9. Nc3 Nd7 10. Qd1 Nb6 11. e3 Qd7 12. h3 Nd5 13. e4 Nxc3 14. bxc3 Bc4
15. Be3 Rfd8 16. Qc2 e6 17. Nd2 Ba6 18. Rd1 Ne7 19. Nb3 Qc6 20. Nc5 Bc4 21. Nd3
a5 22. O-O Qb5 23. Rfe1 b6 24. Rd2 Rd7 25. Rb1 Qa6 26. a4 c5 27. Nb2 cxd4 28.
cxd4 Rc8 29. Qd1 b5 30. axb5 Bxb5 31. Na4 Qc6 32. Nc5 Ra7 33. Rdb2 Qa8 34. Qb3
Bf8 1-0

[Event "GAMMA Reykjavik Open 2019"]
[Site "Reykjavik ISL"]
[Date "2019.04.11"]
[Round "5.103"]
[White "Sigfusson, Ottar Orn Bergmann"]
[Black "Huber-Delle, Guenther"]
[Result "1/2-1/2"]
[WhiteElo "1434"]
[BlackElo "1732"]
[WhiteFideId "2313057"]
[BlackFideId "30904056"]
[EventDate "2019.04.08"]

1. e4 e6 2. d4 d5 3. e5 c5 4. c3 Nc6 5. Nf3 Qb6 6. Bd3 Bd7 7. Qb3 Qc7 8. Qc2
cxd4 9. cxd4 Rc8 10. Nc3 Nb4 11. Qe2 Nxd3+ 12. Qxd3 a6 13. a3 Ne7 14. Be3 Nf5
15. Bf4 Be7 16. O-O O-O 17. Bg5 Bxg5 18. Nxg5 Qc4 19. Rfd1 h5 20. Qxc4 Rxc4 21.
Nf3 Rfc8 22. Kf1 b5 23. g4 Ne7 24. Ne2 f5 25. exf6 gxf6 26. Rd3 Kf7 27. Nc3 a5
28. h3 1/2-1/2

[Event "GAMMA Reykjavik Open 2019"]
[Site "Reykjavik ISL"]
[Date "2019.04.11"]
[Round "5.105"]
[White "Chugunov, Arkadiy"]
[Black "Steingrimsson, Karl Egill"]
[Result "0-1"]
[WhiteElo "1012"]
[BlackElo "1633"]
[WhiteFideId "23730285"]
[BlackFideId "2304791"]
[EventDate "2019.04.08"]

1. e4 d6 2. Nc3 Nf6 3. Nf3 e6 4. d4 c6 5. e5 dxe5 6. dxe5 Nd5 7. Nxd5 cxd5 8. c4
Bb4+ 9. Bd2 Bxd2+ 10. Qxd2 O-O 11. cxd5 exd5 12. Bd3 h6 13. O-O Nc6 14. Bc2 Bg4
15. Nd4 Nxe5 16. f4 Nc6 17. h3 Bc8 18. g4 Qb6 19. Rad1 Bd7 20. Qd3 f5 21. Rf2
Nxd4 22. gxf5 Nxc2 23. Qxd5+ Rf7 24. f6 Ne3 25. Qxf7+ Kxf7 26. Rxd7+ Kxf6 27.
Re2 Nf5+ 28. Kh2 0-1

[Event "GAMMA Reykjavik Open 2019"]
[Site "Reykjavik ISL"]
[Date "2019.04.11"]
[Round "5.110"]
[White "Brynjarsson, Einar Dagur"]
[Black "Thorisson, Bjartur"]
[Result "1-0"]
[WhiteElo "1097"]
[BlackElo "1126"]
[WhiteFideId "2315939"]
[BlackFideId "2314916"]
[EventDate "2019.04.08"]

1. e4 c5 2. Nf3 e6 3. d4 cxd4 4. Nxd4 Nc6 5. Nc3 Qc7 6. Be3 a6 7. Be2 Nf6 8. a3
Be7 9. O-O O-O 10. Re1 b5 11. Nxc6 Qxc6 12. Bf3 Bb7 13. e5 Nd5 14. Nxd5 exd5 15.
Re2 Qe6 16. Rd2 Qxe5 17. Bxd5 Bxd5 18. Rxd5 Qxb2 19. Bd4 Qxa1 20. Bxa1 Bxa3 21.
g3 Bb4 22. Qg4 g6 23. Qxb4 Rad8 24. Qd4 f6 25. Rxd7 Rc8 26. Qd5+ Kh8 27. Qd6 Kg8
28. Qe6+ Kh8 1-0

[Event "GAMMA Reykjavik Open 2019"]
[Site "Reykjavik ISL"]
[Date "2019.04.13"]
[Round "6.2"]
[White "Lupulescu, Constantin"]
[Black "Movsesian, Sergei"]
[Result "1-0"]
[WhiteTitle "GM"]
[BlackTitle "GM"]
[WhiteElo "2634"]
[BlackElo "2637"]
[WhiteFideId "1207822"]
[BlackFideId "310204"]
[EventDate "2019.04.08"]

1. e4 c5 2. Nf3 e6 3. d4 cxd4 4. Nxd4 Nc6 5. Nc3 a6 6. Nxc6 bxc6 7. Bd3 d5 8.
O-O Nf6 9. Qf3 Be7 10. Qg3 O-O 11. Bh6 Ne8 12. Bf4 Bh4 13. Qf3 Bg5 14. Na4 Bxf4
15. Qxf4 Nf6 16. b3 Re8 17. e5 Nd7 18. Rae1 Qe7 19. Re3 Bb7 20. Rh3 f5 21. exf6
Nxf6 22. Qh4 h6 23. Re1 e5 24. Bg6 Rf8 25. Rhe3 e4 26. f3 Bc8 27. fxe4 Qa7 28.
h3 Be6 29. Kh1 d4 30. Rf3 Nh7 31. Bf5 Bxf5 32. Rxf5 Ng5 33. Nb2 Rxf5 34. exf5
Rf8 35. Re5 Nf7 36. Re7 Qc5 37. f6 Qxc2 38. fxg7 Rd8 39. Qf6 Ng5 40. h4 1-0

[Event "GAMMA Reykjavik Open 2019"]
[Site "Reykjavik ISL"]
[Date "2019.04.13"]
[Round "6.4"]
[White "L'Ami, Erwin"]
[Black "Van Foreest, Jorden"]
[Result "1/2-1/2"]
[WhiteTitle "GM"]
[BlackTitle "GM"]
[WhiteElo "2647"]
[BlackElo "2598"]
[WhiteFideId "1007998"]
[BlackFideId "1039784"]
[EventDate "2019.04.08"]

1. d4 d5 2. c4 dxc4 3. Nf3 Nf6 4. e3 e6 5. Bxc4 c5 6. O-O Nc6 7. Nc3 a6 8. Be2
cxd4 9. Nxd4 Bd7 10. Nb3 Na5 11. Bd2 Nxb3 12. Qxb3 Bc6 13. Rfd1 Bd6 14. Rac1 O-O
15. h3 Qe7 16. Be1 Rfd8 17. Rd4 Be5 18. Rxd8+ Rxd8 19. Rd1 Rxd1 20. Qxd1 Qd7 21.
Qxd7 Nxd7 22. Kf1 Kf8 23. f3 Ke7 24. Bd3 h6 25. Ke2 Nc5 26. Bc2 Nd7 27. Nd1 Nc5
28. Nc3 Nd7 29. Nd1 Nc5 30. Nc3 1/2-1/2

[Event "GAMMA Reykjavik Open 2019"]
[Site "Reykjavik ISL"]
[Date "2019.04.13"]
[Round "6.5"]
[White "Eggleston, David J"]
[Black "Tari, Aryan"]
[Result "1-0"]
[WhiteTitle "IM"]
[BlackTitle "GM"]
[WhiteElo "2401"]
[BlackElo "2615"]
[WhiteFideId "412120"]
[BlackFideId "1510045"]
[EventDate "2019.04.08"]

1. e4 e5 2. Nf3 Nc6 3. Bc4 Bc5 4. c3 Nf6 5. d4 exd4 6. cxd4 Bb4+ 7. Bd2 Nxe4 8.
Bxb4 Nxb4 9. Bxf7+ Kxf7 10. Qb3+ d5 11. Qxb4 Rf8 12. Nc3 a5 13. Qb3 Nxc3 14.
Qxc3 Kg8 15. O-O c6 16. Rae1 Bf5 17. Ne5 Qd6 18. Re3 a4 19. a3 Rfc8 20. Rfe1 h6
21. h3 c5 22. Rf3 Be6 23. Qd3 Ra6 24. Qg6 Qe7 25. dxc5 Rxc5 26. Nd3 Rc8 27. Nf4
Rcc6 28. Nh5 Kh8 29. Nf6 gxf6 30. Qxh6+ Qh7 31. Qxf6+ Qg7 32. Qh4+ Qh7 33. Rf8+
Bg8 34. Rxg8+ 1-0

[Event "GAMMA Reykjavik Open 2019"]
[Site "Reykjavik ISL"]
[Date "2019.04.13"]
[Round "6.6"]
[White "Thorfinnsson, Bragi"]
[Black "Grandelius, Nils"]
[Result "0-1"]
[WhiteTitle "GM"]
[BlackTitle "GM"]
[WhiteElo "2436"]
[BlackElo "2687"]
[WhiteFideId "2300958"]
[BlackFideId "1710400"]
[EventDate "2019.04.08"]

1. e4 c5 2. Nf3 e6 3. g3 Nc6 4. Bg2 Nf6 5. Qe2 e5 6. O-O Be7 7. c3 O-O 8. Na3
Re8 9. d3 d6 10. h3 Rb8 11. Nc2 b5 12. Bg5 Be6 13. Rfd1 Qc8 14. Kh2 h6 15. Bxf6
Bxf6 16. d4 exd4 17. cxd4 Bf5 18. dxc5 dxc5 19. Nd2 Be6 20. f4 Bxb2 21. Rab1 Bc3
22. e5 Bxd2 23. Rxd2 b4 24. Ne3 Nd4 25. Qd1 Nb5 26. Qf3 Rd8 27. Rxd8+ Qxd8 28.
Rd1 Nd4 29. Qf2 Qc8 30. g4 Qc7 31. Kh1 Rd8 32. Rc1 Qa5 33. f5 Bxa2 34. f6 Qa3
35. Rf1 g6 36. Ra1 b3 37. Nc4 Qb4 38. Rxa2 bxa2 39. Qxa2 Qe1+ 0-1

[Event "GAMMA Reykjavik Open 2019"]
[Site "Reykjavik ISL"]
[Date "2019.04.13"]
[Round "6.7"]
[White "Yoo, Christopher Woojin"]
[Black "Parligras, Mircea-Emilian"]
[Result "0-1"]
[WhiteTitle "IM"]
[BlackTitle "GM"]
[WhiteElo "2414"]
[BlackElo "2633"]
[WhiteFideId "30909694"]
[BlackFideId "1204297"]
[EventDate "2019.04.08"]

1. e4 c5 2. Nf3 d6 3. Bb5+ Nd7 4. Ba4 Nf6 5. O-O a6 6. c4 Nxe4 7. Re1 Nf6 8. d4
cxd4 9. Qxd4 e5 10. Bg5 Be7 11. Qd2 O-O 12. Bxd7 Bxd7 13. Nc3 Bc6 14. Bxf6 Bxf6
15. Rad1 Re8 16. Ne4 Re6 17. Nxf6+ Qxf6 18. Ng5 Ree8 19. Ne4 Qg6 20. f3 Rad8 21.
Qf2 d5 22. cxd5 Rxd5 23. Rxd5 Bxd5 24. Nc3 Bc6 25. b4 Qd6 26. a3 Rd8 27. Qe3 f6
28. Rd1 Qc7 29. Rc1 Qd6 30. Rd1 Qe7 31. Re1 Qf7 32. a4 Qc4 33. Qb6 Rd4 34. Re3
Qxb4 35. Qc7 Rd7 36. Qc8+ Qf8 37. Qxf8+ Kxf8 38. Re2 a5 39. Kf2 Rd4 40. Ra2 Ke7
41. Ke3 Kd6 42. Ne4+ Bxe4 43. fxe4 Kc5 44. Rb2 Rb4 45. Rd2 Rxa4 46. Rd7 Ra3+ 47.
Ke2 b5 48. Rxg7 h5 0-1

[Event "GAMMA Reykjavik Open 2019"]
[Site "Reykjavik ISL"]
[Date "2019.04.13"]
[Round "6.8"]
[White "Astaneh Lopez, Alex"]
[Black "Petrosian, Tigran L."]
[Result "0-1"]
[WhiteTitle "IM"]
[BlackTitle "GM"]
[WhiteElo "2427"]
[BlackElo "2605"]
[WhiteFideId "2501430"]
[BlackFideId "13301616"]
[EventDate "2019.04.08"]

1. d4 g6 2. e4 Bg7 3. Nc3 d6 4. Be3 a6 5. f4 b5 6. a3 Bb7 7. Nf3 Nd7 8. Bd3 c5
9. dxc5 Nxc5 10. Bxc5 Bxc3+ 11. bxc3 dxc5 12. c4 Nf6 13. e5 bxc4 14. Bxc4 Qa5+
15. Qd2 Qxd2+ 16. Nxd2 Nd5 17. Bxd5 Bxd5 18. Kf2 Kd7 19. Rhd1 Kc6 20. g3 Rab8
21. Ke3 Be6 22. Kd3 Rhd8+ 23. Kc3 Rd4 24. Nf1 Rc4+ 25. Kd2 Re4 26. Re1 Rd4+ 27.
Kc3 Rc4+ 28. Kd2 Rd8+ 29. Kc1 h5 30. Nd2 Ra4 31. Re4 Rxe4 32. Nxe4 h4 33. Kb2
Bf5 34. Re1 Rd4 35. Nc3 hxg3 36. hxg3 Rd2 37. Ne4 Rg2 38. e6 fxe6 39. Ng5 Rxc2+
40. Kb3 c4+ 41. Kb4 Kb6 42. Re5 Rc1 43. Ne4 a5+ 44. Ka4 Rb1 45. g4 Bxg4 46. Nc3
Rb3 47. Ne4 Rb2 0-1

[Event "GAMMA Reykjavik Open 2019"]
[Site "Reykjavik ISL"]
[Date "2019.04.13"]
[Round "6.9"]
[White "Gupta, Abhijeet"]
[Black "Low, Zhen Yu Cyrus"]
[Result "1-0"]
[WhiteTitle "GM"]
[BlackTitle "IM"]
[WhiteElo "2602"]
[BlackElo "2418"]
[WhiteFideId "5010608"]
[BlackFideId "5804175"]
[EventDate "2019.04.08"]

1. Nf3 Nf6 2. c4 e6 3. d4 d5 4. Nc3 c6 5. g3 dxc4 6. Bg2 Nbd7 7. O-O Be7 8. a4
O-O 9. a5 c5 10. d5 exd5 11. Nxd5 Nxd5 12. Qxd5 Nf6 13. Qxd8 Rxd8 14. Ne5 Nd5
15. a6 Bf6 16. axb7 Bxb7 17. Nxc4 Bc6 18. Na5 Bb5 19. Nb7 Rd7 20. Nxc5 Rdd8 21.
Bd2 Rab8 22. Rxa7 Bd4 23. Rc1 Bxe2 24. Ba5 Nb6 25. b4 g6 26. Rb7 Rxb7 27. Nxb7
Rd7 28. Nc5 Rd6 29. Re1 Bb5 30. Ne4 Rc6 31. Rd1 Be2 32. Nf6+ Kg7 33. Ne8+ Kf8
34. Bxc6 Bxd1 35. b5 Ba4 36. Nd6 Bc5 37. Ne4 Bd4 38. Bb4+ Kg7 39. Bc5 Bxc5 40.
Nxc5 Kf6 41. f4 h6 42. Kf2 g5 43. Ke3 Bc2 44. Nd7+ Nxd7 45. Bxd7 Ke7 46. Bg4 Kd6
47. Kd4 Ba4 48. Be2 Ke6 49. Bd3 Kd6 50. fxg5 hxg5 51. Ke4 Bd1 52. Kf5 g4 53. Kf6
Bf3 54. Kxf7 Ke5 55. Kg6 Kd4 56. Bf5 1-0

[Event "GAMMA Reykjavik Open 2019"]
[Site "Reykjavik ISL"]
[Date "2019.04.13"]
[Round "6.10"]
[White "Potkin, Vladimir"]
[Black "Thorfinnsson, Bjorn"]
[Result "1-0"]
[WhiteTitle "GM"]
[BlackTitle "IM"]
[WhiteElo "2597"]
[BlackElo "2399"]
[WhiteFideId "4131061"]
[BlackFideId "2300982"]
[EventDate "2019.04.08"]

1. c4 e5 2. Nc3 Nf6 3. Nf3 Nc6 4. g3 g6 5. d4 exd4 6. Nxd4 Bg7 7. Bg2 O-O 8. Bf4
Nxd4 9. Qxd4 d6 10. Qd2 Be6 11. Bxb7 Rb8 12. Bg2 Bxc4 13. O-O Ba6 14. Rac1 Bb7
15. b3 Re8 16. Rfd1 Bxg2 17. Kxg2 Qc8 18. f3 Qa6 19. e4 Rb7 20. Bg5 Re6 21. Bxf6
Bxf6 22. Nd5 c6 23. Nxf6+ Rxf6 24. Rc4 Re6 25. Qc2 Rb6 26. h4 h5 27. Rd2 c5 28.
Rd5 Qb7 29. Qd2 Qe7 30. Ra4 f5 31. Qh6 Rb7 32. Kh3 fxe4 33. Rxe4 Qf7 34. Rxh5
Qf6 35. Qh8+ Qxh8 36. Rxh8+ Kxh8 37. Rxe6 1-0

[Event "GAMMA Reykjavik Open 2019"]
[Site "Reykjavik ISL"]
[Date "2019.04.13"]
[Round "6.12"]
[White "Djukic, Nikola"]
[Black "Tania, Sachdev"]
[Result "1/2-1/2"]
[WhiteTitle "GM"]
[BlackTitle "IM"]
[WhiteElo "2566"]
[BlackElo "2397"]
[WhiteFideId "922412"]
[BlackFideId "5007844"]
[EventDate "2019.04.08"]

1. e4 e5 2. Nf3 Nc6 3. Bb5 a6 4. Ba4 Nf6 5. O-O Be7 6. Re1 b5 7. Bb3 O-O 8. h3
Bb7 9. d3 d5 10. exd5 Nxd5 11. c3 Bf6 12. Nbd2 Nf4 13. Ne4 Nxd3 14. Nxf6+ gxf6
15. Re4 Nf4 16. Bxf4 Qxd1+ 17. Rxd1 Na5 18. Bd5 exf4 19. Bxb7 Nxb7 20. Re7 Rac8
21. Rdd7 Nc5 22. Rxc7 Rxc7 23. Rxc7 Nd3 24. c4 bxc4 25. Rxc4 Re8 26. b3 Re2 27.
a4 Rb2 28. Nd4 Rb1+ 29. Kh2 Nxf2 30. g4 fxg3+ 31. Kxg3 Ne4+ 32. Kf4 Ng5 33. Rc8+
Kg7 34. Kg4 h5+ 35. Kxh5 Nxh3 36. Rc7 Ng5 37. Ra7 Rh1+ 38. Kg4 Kg6 39. Rxa6 Rd1
40. Ne2 Ne6 41. Rb6 f5+ 42. Kf3 Rd3+ 43. Kf2 Kg5 44. a5 Rd2 45. Ke1 Ra2 46. b4
f4 47. Nc3 Ra3 48. Rc6 Kg4 49. Rc4 Kg3 50. Ne2+ Kg4 51. Nc3 Kg3 52. Ne4+ Kg2 53.
Rc2+ Kg1 54. Rc3 Ra4 55. Rb3 Nd4 56. Rb1 Rxb4 57. Rxb4 Nc2+ 58. Ke2 Nxb4 59. Kf3
Kf1 60. Nf2 Ke1 61. Ne4 1/2-1/2

[Event "GAMMA Reykjavik Open 2019"]
[Site "Reykjavik ISL"]
[Date "2019.04.13"]
[Round "6.13"]
[White "Stefansson, Hannes"]
[Black "Van de Plassche, Bas"]
[Result "1-0"]
[WhiteTitle "GM"]
[BlackTitle "FM"]
[WhiteElo "2558"]
[BlackElo "2376"]
[WhiteFideId "2300087"]
[BlackFideId "1001965"]
[EventDate "2019.04.08"]

1. d4 Nf6 2. c4 c5 3. d5 e6 4. Nc3 exd5 5. cxd5 d6 6. e4 g6 7. f4 Bg7 8. Bb5+
Nfd7 9. a4 a6 10. Bd3 O-O 11. Nf3 Nf6 12. O-O Bg4 13. h3 Bxf3 14. Qxf3 Nbd7 15.
Bd2 Qc7 16. b3 Nb6 17. a5 Nc8 18. Kh1 Nd7 19. Bc4 Re8 20. g4 b5 21. axb6 Ncxb6
22. Bxa6 c4 23. b4 g5 24. Nb5 Qb8 25. Bc3 Bxc3 26. Nxc3 gxf4 27. Qxf4 Ne5 28.
Bb5 Rxa1 29. Rxa1 Re7 30. Bc6 Ra7 31. Qg5+ Ng6 32. Rf1 Ra3 33. Qf6 Qf8 34. Kg2
Qe7 35. Qxe7 Nxe7 36. Nb5 Rb3 37. Be8 Rxb4 38. Bxf7+ Kg7 39. Nxd6 c3 40. Ne8+
Kf8 41. d6 Rb2+ 42. Kg3 Nf5+ 43. Rxf5 c2 44. Bh5+ Kg8 45. Rg5+ Kf8 46. Nc7 1-0

[Event "GAMMA Reykjavik Open 2019"]
[Site "Reykjavik ISL"]
[Date "2019.04.13"]
[Round "6.15"]
[White "Sowray, Peter J"]
[Black "Praggnanandhaa, R"]
[Result "0-1"]
[WhiteTitle "FM"]
[BlackTitle "GM"]
[WhiteElo "2356"]
[BlackElo "2537"]
[WhiteFideId "400971"]
[BlackFideId "25059530"]
[EventDate "2019.04.08"]

1. d4 Nf6 2. c4 e6 3. Nc3 Bb4 4. e3 O-O 5. Ne2 d5 6. a3 Be7 7. cxd5 exd5 8. Nf4
c6 9. Bd3 a5 10. O-O Na6 11. f3 Nc7 12. Bd2 Re8 13. Qc2 Ne6 14. Nce2 Nxf4 15.
Nxf4 Bd6 16. g4 h6 17. h3 Qb6 18. Qc3 c5 19. Rae1 Bd7 20. dxc5 Bxc5 21. b4 axb4
22. axb4 Bd6 23. Ne2 Ra2 24. Ra1 d4 25. Nxd4 Nd5 26. Qc1 Rxa1 27. Qxa1 Nxe3 28.
Re1 Be5 29. Bc3 Nd5 30. Re4 Nxc3 31. Qxc3 Bf6 32. Rf4 Bg5 33. Re4 Rxe4 34. Bxe4
Bf6 0-1

[Event "GAMMA Reykjavik Open 2019"]
[Site "Reykjavik ISL"]
[Date "2019.04.13"]
[Round "6.16"]
[White "Sarkar, Justin"]
[Black "Brunello, Sabino"]
[Result "0-1"]
[WhiteTitle "IM"]
[BlackTitle "GM"]
[WhiteElo "2337"]
[BlackElo "2534"]
[WhiteFideId "2010011"]
[BlackFideId "813613"]
[EventDate "2019.04.08"]

1. e4 c5 2. Nf3 d6 3. d4 cxd4 4. Nxd4 Nf6 5. Nc3 a6 6. Bg5 e6 7. f4 Nbd7 8. Qe2
h6 9. Bh4 Qc7 10. O-O-O Be7 11. Kb1 b5 12. a3 Rb8 13. Be1 Bb7 14. g3 Nb6 15. Bg2
Nc4 16. Ka2 Nd7 17. Nb1 O-O 18. h4 Bf6 19. g4 Bxd4 20. Rxd4 e5 21. fxe5 Ndxe5
22. g5 h5 23. Nc3 a5 24. Nd5 Bxd5 25. Rxd5 b4 26. Rh3 Rfc8 27. Bf1 Rb6 28. Rb3
bxa3 29. bxa3 Rxb3 30. cxb3 Nxa3 31. Kxa3 Qc1+ 32. Ka4 Qa1+ 33. Kb5 Rb8+ 34. Ka6
Qc1 35. Rxd6 Qc5 0-1

[Event "GAMMA Reykjavik Open 2019"]
[Site "Reykjavik ISL"]
[Date "2019.04.13"]
[Round "6.17"]
[White "Sadzikowski, Daniel"]
[Black "Bjornsson, Sigurbjorn"]
[Result "1-0"]
[WhiteTitle "GM"]
[BlackTitle "FM"]
[WhiteElo "2523"]
[BlackElo "2312"]
[WhiteFideId "1132253"]
[BlackFideId "2300974"]
[EventDate "2019.04.08"]

1. d4 Nf6 2. c4 g6 3. Nc3 Bg7 4. e4 d6 5. h3 O-O 6. Be3 c5 7. Nf3 cxd4 8. Nxd4
b6 9. g3 Bb7 10. Bg2 Nbd7 11. O-O Rc8 12. e5 dxe5 13. Ne6 fxe6 14. Bxb7 Rxc4 15.
Qe2 Qc7 16. Nb5 Qxb7 17. Qxc4 Nd5 18. Rac1 a6 19. Nc3 b5 20. Qb3 b4 21. Ne4 N7f6
22. Nc5 Qc6 23. Bg5 h6 24. Bxf6 exf6 25. Rfd1 f5 26. Nxe6 Qxe6 27. Qxd5 Qxd5 28.
Rxd5 e4 29. Rc6 Bxb2 30. Rxg6+ Kh7 31. Rxa6 Rf7 32. Rb6 Bc3 33. Rdd6 h5 34. Rh6+
Kg7 35. Rbg6+ Kf8 36. Rxh5 f4 37. gxf4 Ra7 38. Rf5+ Ke7 39. Rb5 Rxa2 40. Rb7+
Kf8 41. Rc6 e3 1-0